| 000 | 00521nam a22001937a 4500 | ||
|---|---|---|---|
| 999 |
_c8043 _d8043 |
||
| 003 | GBCCL | ||
| 005 | 20241126110642.0 | ||
| 008 | 190117b ||||| |||| 00| 0 eng d | ||
| 020 | _a9789382910336 | ||
| 020 | _a9781782634232 | ||
| 040 | _cgbc | ||
| 082 |
_a243 _bPRI |
||
| 100 |
_aPrince, Derek _97775 |
||
| 245 | _aChrist's last order | ||
| 260 |
_aNew Zealand : _bDerek Prince Ministries, _c[2017] |
||
| 300 |
_a87 pages ; _b18 cm |
||
| 650 |
_aEvangelistic work -- Biblical teaching. _914030 |
||
| 942 |
_2ddc _cBK _04 |
||